Statistics for Biggest Cities once under Chola Influence

Click here to take the quiz!

General Stats

  • This quiz has been taken 216 times
  • The average score is 6 of 14

Answer Stats

PopulationCity% Correct
11,600,000Chennai
88%
17,000,000Kolkata
80%
12,700,000Bengaluru
78%
4,825,000Colombo
69%
9,150,000Kuala Lumpur
57%
7,900,000Singapore
55%
5,750,000Yangon
51%
4,075,000Medan
27%
2,250,000Vishakhapatnam
27%
1,820,000Madurai
26%
2,775,000Coimbatore
25%
1,740,000Palembang
17%
1,940,000Bhubaneswar
14%
2,075,000Vijayawada
13%

Score Distribution

Percentile by Number Answered

Percent of People with Each Score

Your Score History

You have not taken this quiz